| 000 | 00619nam a2200205 a 4500 | ||
|---|---|---|---|
| 005 | 20250521063809.0 | ||
| 008 | 991125s1994 mx 000 0 spa u | ||
| 020 | _a9682957826 | ||
| 035 | _aUPN01000013686 | ||
| 049 | _aI | ||
| 050 | 4 |
_aTX716 _aA4.3 |
|
| 100 | 1 |
_aAlcocer, Marta _939048 |
|
| 245 | 1 | 0 |
_aDéjame darte la receta / _cMarta Alcocer ; il. Alma Jaramar Soto. |
| 260 |
_aMéxico : _bSEP, Unidad de Publicaciones Educativas, _c1994. |
||
| 300 |
_a55 p. : _bil. |
||
| 440 | 0 | _aLibros del rincón | |
| 650 | 4 |
_aCocina mexicana _99233 |
|
| 650 | 4 |
_aLiteratura mexicana _vMiscelánea _920921 |
|
| 905 | _aInfantil | ||
| 999 |
_c13686 _d13686 |
||